| 000 | 00996nam0a22002291 4500 | ||
|---|---|---|---|
| 001 | rc\1010198 | ||
| 005 | 20250622075050.0 | ||
| 035 | _a(NLR Aleph) 006175781 | ||
| 090 |
_a6012856 _c6012856 |
||
| 100 | _a20041129d1981 |||y0rusy50 ca | ||
| 101 | 0 | _arus | |
| 102 | _aRU | ||
| 105 | _aa ||||||||| | ||
| 200 | 1 |
_aИнтенсивная терапия при ожогах _eМетод. рекомендации _f[М-во здравоохранения ЭССР, Н.-и. лаб. металлоостеосинтеза с клиникой им. А. Сеппо, Респ. ожоговый центр ЭССР _gСост. А.Ю. Варесом, Б.Н. Гур-Арье] |
|
| 210 |
_aТаллин _cНИЛМК _d1981 |
||
| 215 |
_a30 с. _cил. _d20 |
||
| 712 | 0 | 2 |
_aНаучно-исследовательская лаборатория металлоостеосинтеза _cТаллин |
| 801 | 0 |
_aRU _bNLR _gpsbo |
|
| 801 | 1 |
_aRU _bELAR _2rusmarc |
|
| 852 |
_aNLR _j81-4/25087 |
||
| 942 | _cBOOK | ||
| 980 | _aNB | ||